Statistics for Municipalities of Aosta Valley (with a map)

Click here to take the quiz!

General Stats

  • This quiz has been taken 100 times
  • The average score is 21 of 74

Answers on the Map

Answers color-coded by a green-red scale on the quiz's map according to % correct below.
 

Answer Stats

Comune% Correct
Aosta
97%
Courmayeur
71%
Cogne
60%
Châtillon
54%
La Thuile
51%
Sarre
49%
Saint-Vincent
48%
Bard
42%
Fénis
40%
Gressoney-Saint-Jean
40%
Morgex
38%
Pont-Saint-Martin
38%
Aymavilles
37%
Pré-Saint-Didier
35%
Valtournenche
35%
Verrès
35%
La Salle
34%
Donnas
32%
Gressoney-La-Trinité
32%
Nus
31%
Quart
31%
Saint-Pierre
31%
Ayas
29%
Bionaz
29%
Brusson
29%
Valgrisenche
29%
Arnad
28%
Champorcher
28%
Gressan
28%
Rhêmes-Notre-Dame
28%
Saint-Christophe
28%
Valsavarenche
28%
Hône
26%
Saint-Marcel
26%
Fontainemore
25%
Montjovet
25%
Ollomont
25%
Torgnon
25%
Valpelline
25%
Antey-Saint-André
23%
Avise
23%
Chamois
23%
Étroubles
23%
Gignod
23%
Issogne
23%
Oyace
23%
Verrayes
23%
Villeneuve
23%
Chambave
22%
Champdepraz
22%
Issime
22%
Jovençan
22%
Pollein
22%
Saint-Denis
22%
Arvier
20%
Brissogne
20%
Challand-Saint-Anselme
20%
Charvensod
20%
Doues
20%
Introd
20%
Rhêmes-Saint-Georges
20%
Roisan
20%
Saint-Oyen
20%
Gaby
18%
Pontey
18%
Saint-Nicolas
18%
Saint-Rhémy-en-Bosses
18%
Allein
17%
Challand-Saint-Victor
17%
Lillianes
17%
Perloz
17%
Pontboset
17%
Émarèse
15%
La Magdeleine
14%

Score Distribution

Percentile by Number Answered

Percent of People with Each Score

Your Score History

You have not taken this quiz